<?xml version="1.0" encoding="UTF-8"?><marc:collection xmlns:marc="http://www.loc.gov/MARC21/slim">
  <marc:record>
    <marc:leader>00000nam  2200000zi 4500</marc:leader>
    <marc:controlfield tag="001">9.842708</marc:controlfield>
    <marc:controlfield tag="003">CaOODSP</marc:controlfield>
    <marc:controlfield tag="005">20250910142446</marc:controlfield>
    <marc:controlfield tag="006">m     o  d f      </marc:controlfield>
    <marc:controlfield tag="007">cr mn|||||||||</marc:controlfield>
    <marc:controlfield tag="008">170830t20172017onc     ob   f000 0 fre d</marc:controlfield>
    <marc:datafield tag="020" ind1=" " ind2=" ">
      <marc:subfield code="a">9780660094496 </marc:subfield>
      <marc:subfield code="q">(PDF)</marc:subfield>
    </marc:datafield>
    <marc:datafield tag="020" ind1=" " ind2=" ">
      <marc:subfield code="a">9780660094502 </marc:subfield>
      <marc:subfield code="q">(bilingue ; </marc:subfield>
      <marc:subfield code="q">imprimé)</marc:subfield>
    </marc:datafield>
    <marc:datafield tag="040" ind1=" " ind2=" ">
      <marc:subfield code="a">CaOODSP</marc:subfield>
      <marc:subfield code="b">fre</marc:subfield>
      <marc:subfield code="e">rda</marc:subfield>
      <marc:subfield code="c">CaOODSP</marc:subfield>
    </marc:datafield>
    <marc:datafield tag="043" ind1=" " ind2=" ">
      <marc:subfield code="a">n-cn---</marc:subfield>
    </marc:datafield>
    <marc:datafield tag="045" ind1=" " ind2=" ">
      <marc:subfield code="a">x1x9</marc:subfield>
    </marc:datafield>
    <marc:datafield tag="086" ind1="1" ind2=" ">
      <marc:subfield code="a">D4-7/6-2017F-PDF</marc:subfield>
    </marc:datafield>
    <marc:datafield tag="086" ind1="1" ind2=" ">
      <marc:subfield code="a">D4-7/6-2017</marc:subfield>
    </marc:datafield>
    <marc:datafield tag="245" ind1="0" ind2="0">
      <marc:subfield code="a">De la guerre chaude à la guerre froide / </marc:subfield>
      <marc:subfield code="c">publié sous la direction de Mike Bechthold et William March.</marc:subfield>
    </marc:datafield>
    <marc:datafield tag="264" ind1=" " ind2="1">
      <marc:subfield code="a">[Ottawa] : </marc:subfield>
      <marc:subfield code="b">Défense nationale = National Defence, </marc:subfield>
      <marc:subfield code="c">[2017]</marc:subfield>
    </marc:datafield>
    <marc:datafield tag="264" ind1=" " ind2="4">
      <marc:subfield code="c">©2017</marc:subfield>
    </marc:datafield>
    <marc:datafield tag="300" ind1=" " ind2=" ">
      <marc:subfield code="a">1 ressource en ligne (ix, 114 pages).</marc:subfield>
    </marc:datafield>
    <marc:datafield tag="336" ind1=" " ind2=" ">
      <marc:subfield code="a">texte</marc:subfield>
      <marc:subfield code="b">txt</marc:subfield>
      <marc:subfield code="2">rdacontent/fre</marc:subfield>
    </marc:datafield>
    <marc:datafield tag="337" ind1=" " ind2=" ">
      <marc:subfield code="a">informatique</marc:subfield>
      <marc:subfield code="b">c</marc:subfield>
      <marc:subfield code="2">rdamedia/fre</marc:subfield>
    </marc:datafield>
    <marc:datafield tag="338" ind1=" " ind2=" ">
      <marc:subfield code="a">ressource en ligne</marc:subfield>
      <marc:subfield code="b">cr</marc:subfield>
      <marc:subfield code="2">rdacarrier/fre</marc:subfield>
    </marc:datafield>
    <marc:datafield tag="490" ind1="1" ind2=" ">
      <marc:subfield code="a">Sic itur ad astra : études sur la puissance aérospatiale canadienne ; </marc:subfield>
      <marc:subfield code="v">vol. 6</marc:subfield>
    </marc:datafield>
    <marc:datafield tag="500" ind1=" " ind2=" ">
      <marc:subfield code="a">Publié aussi en anglais sous le titre : From hot war to cold war.</marc:subfield>
    </marc:datafield>
    <marc:datafield tag="504" ind1=" " ind2=" ">
      <marc:subfield code="a">Comprend des références bibliographiques.</marc:subfield>
    </marc:datafield>
    <marc:datafield tag="505" ind1="0" ind2=" ">
      <marc:subfield code="a">Préface -- Introduction -- Rencontre avec Black Mike : commandement, contrôle et leadership dans la carrière de C.M. « Black Mike » McEwen - 1916 à 1945 / par William John Pratt -- Le 6e Groupe de bombardement de l'ARC : une étude du leadership, de la discipline et des valeurs canadiennes / par Rhonda Jarrett -- Le colmatage du trou noir de l'Atlantique : une question de choix en matière de puissance aérienne / par Richard Goette -- Endurance : 120e Escadron, Royal Air Force, 1943 / par Geoffrey Hayes -- Les premiers Catalina et Canso de l'Aviation royale canadienne / par Roger Sarty -- Un départ très soudain : l'Aviation royale du Canada et la Force d'urgence des Nations Unies / par William March -- « Chauffeurs de camion » volants ou « chevaliers du ciel » : Paul Hellyer et l'acquisition du CC130 Hercules par l'ARC / par Richard Mayne -- Création d'une capacité d'aviation pour l'Armée canadienne : leçons du passé / par Randall Wakelam -- Liste d'abréviations.</marc:subfield>
    </marc:datafield>
    <marc:datafield tag="610" ind1="1" ind2="6">
      <marc:subfield code="a">Canada. </marc:subfield>
      <marc:subfield code="b">Aviation royale</marc:subfield>
      <marc:subfield code="x">Histoire</marc:subfield>
      <marc:subfield code="y">20e siècle.</marc:subfield>
    </marc:datafield>
    <marc:datafield tag="610" ind1="1" ind2="6">
      <marc:subfield code="a">Grande-Bretagne. </marc:subfield>
      <marc:subfield code="b">Royal Air Force</marc:subfield>
      <marc:subfield code="x">Histoire</marc:subfield>
      <marc:subfield code="y">20e siècle.</marc:subfield>
    </marc:datafield>
    <marc:datafield tag="610" ind1="2" ind2="6">
      <marc:subfield code="a">Force d'urgence des Nations Unies</marc:subfield>
      <marc:subfield code="x">Histoire</marc:subfield>
      <marc:subfield code="y">20e siècle.</marc:subfield>
    </marc:datafield>
    <marc:datafield tag="650" ind1=" " ind2="6">
      <marc:subfield code="a">Forces aériennes</marc:subfield>
      <marc:subfield code="z">Canada</marc:subfield>
      <marc:subfield code="x">Histoire</marc:subfield>
      <marc:subfield code="y">20e siècle.</marc:subfield>
    </marc:datafield>
    <marc:datafield tag="650" ind1=" " ind2="6">
      <marc:subfield code="a">Guerre mondiale, 1939-1945</marc:subfield>
      <marc:subfield code="x">Opérations aériennes canadiennes</marc:subfield>
      <marc:subfield code="x">Histoire.</marc:subfield>
    </marc:datafield>
    <marc:datafield tag="650" ind1=" " ind2="6">
      <marc:subfield code="a">Forces de maintien de la paix canadiennes</marc:subfield>
      <marc:subfield code="x">Histoire</marc:subfield>
      <marc:subfield code="y">20e siècle.</marc:subfield>
    </marc:datafield>
    <marc:datafield tag="650" ind1=" " ind2="6">
      <marc:subfield code="a">Avions militaires</marc:subfield>
      <marc:subfield code="x">Histoire</marc:subfield>
      <marc:subfield code="y">20e siècle.</marc:subfield>
    </marc:datafield>
    <marc:datafield tag="651" ind1=" " ind2="6">
      <marc:subfield code="a">Canada</marc:subfield>
      <marc:subfield code="x">Forces armées</marc:subfield>
      <marc:subfield code="x">Aviation</marc:subfield>
      <marc:subfield code="x">Histoire</marc:subfield>
      <marc:subfield code="y">20e siècle.</marc:subfield>
    </marc:datafield>
    <marc:datafield tag="700" ind1="1" ind2=" ">
      <marc:subfield code="a">Bechthold, Michael, </marc:subfield>
      <marc:subfield code="d">1968- </marc:subfield>
      <marc:subfield code="e">éditeur intellectuel.</marc:subfield>
    </marc:datafield>
    <marc:datafield tag="700" ind1="1" ind2=" ">
      <marc:subfield code="a">March, William, </marc:subfield>
      <marc:subfield code="e">éditeur intellectuel.</marc:subfield>
    </marc:datafield>
    <marc:datafield tag="710" ind1="1" ind2=" ">
      <marc:subfield code="a">Canada. </marc:subfield>
      <marc:subfield code="b">Ministère de la défense nationale, </marc:subfield>
      <marc:subfield code="e">organisme de publication.</marc:subfield>
    </marc:datafield>
    <marc:datafield tag="775" ind1="0" ind2="8">
      <marc:subfield code="t">From hot war to cold war / </marc:subfield>
      <marc:subfield code="w">(CaOODSP)9.842706</marc:subfield>
    </marc:datafield>
    <marc:datafield tag="776" ind1="0" ind2="#">
      <marc:subfield code="t">De la guerre chaude à la guerre froide </marc:subfield>
      <marc:subfield code="w">(CaOODSP)9.842712</marc:subfield>
    </marc:datafield>
    <marc:datafield tag="830" ind1="#" ind2="0">
      <marc:subfield code="a">Sic itur ad astra : études sur la puissance aérospatiale canadienne ;</marc:subfield>
      <marc:subfield code="v">vol. 6.</marc:subfield>
      <marc:subfield code="w">(CaOODSP)9.502129</marc:subfield>
    </marc:datafield>
    <marc:datafield tag="856" ind1="4" ind2="0">
      <marc:subfield code="q">PDF</marc:subfield>
      <marc:subfield code="s">6.82 Mo</marc:subfield>
      <marc:subfield code="u">https://publications.gc.ca/collections/collection_2023/mdn-dnd/D4-7-6-2017-fra.pdf</marc:subfield>
    </marc:datafield>
  </marc:record>
</marc:collection>
